000 01716cam a22004337a 4500
003 CHAP
005 20220329141934.0
008 980821d1997 mx rs 00110 spa d
010 _a75971
011 _a76943
020 _a9701317165
035 _a86538
040 _cCHAP
082 0 4 _a317.2
_bI57 Yuc.
110 2 _aInstituto Nacional de Estadística, Geografía e Informática. México
_959304
245 1 0 _aPerspectiva estadística de Yucatán
_c/por Instituto Nacional de Estadística Geografía e Informática
260 _aAguascalientes, Ags. :
_bInstituto Nacional de Estadística Geografía e Informática,
_c1997.
300 _a113 p. :
_bcuadros ; gráfs.
590 _aBATCH-UPD
_b10
_c20130110
_lUCH01
_h0207
590 _aBATCH-UPD
_b10
_c20130110
_lUCH01
_h2005
590 _aBATCH-UPD
_b10
_c20130409
_lUCH01
_h2219
590 _aBATCH-UPD
_b10
_c20130410
_lUCH01
_h1325
590 _aBATCH-UPD
_b10
_c20130914
_lUCH01
_h0719
590 _aBATCH-UPD
_b10
_c20130914
_lUCH01
_h2150
590 _aCONVERSION
_b10
_c20130109
_lUCH01
_h1342
650 1 4 _aAgricultura
_xEstadisticas
_zYucatan.
_91472
650 1 4 _aBosques
_xEstadísticas
_xYucatán.
_914166
650 1 4 _aEmpleo
_xYucatán.
_936584
650 1 4 _aGanadería
_xEstadísticas
_zYucatán.
_944731
650 1 4 _aPoblación
_xEstadísticas
_zYucatán.
_989404
650 1 4 _aVivienda
_xYucatán.
_9120151
650 1 4 _aYucatán
_xEstadísticas.
_9123322
650 1 4 _aYucatán
_xHistoria.
_9123324
901 _aBK
905 _aAlejandra Carrasco M.
942 _cLIBRO
949 _a317.2 I57 Yuc.
_bBC
_cINEGI
_d33724000699914
_eINEGI
_fc.2
_h93824
_i86538
_sb
_t$34.00
949 _a317.2 I57 Yuc.
_bBC
_cINEGI
_d33724000699922
_eINEGI
_h93823
_i86538
_sb
_t$34.00
999 _c75971
_d75971